Estudio comparativo de la torre delta con dos hilos de guarda contra la torre normalizada
Guardado en:
| Hovedforfatter: | |
|---|---|
| Format: | Bog |
| Udgivet: |
San José, C.R
1999
|
| Fag: | |
| Tags: |
Tilføj Tag
Ingen Tags, Vær først til at tagge denne postø!
|
MARC
| LEADER | 00000nam a2200000Ia 4500 | ||
|---|---|---|---|
| 003 | 008321 | ||
| 005 | 20221231144218.0 | ||
| 008 | 140114s1999 cr a m 000 ||s d | ||
| 040 | |c cru CEDI | ||
| 090 | |a TFG 3968 | ||
| 100 | |a Luna Baltodano, Alejandro |9 8701 | ||
| 245 | |a Estudio comparativo de la torre delta con dos hilos de guarda contra la torre normalizada | ||
| 260 | |c 1999 |a San José, C.R | ||
| 300 | |a vi, 30 páginas : ilustraciones (algunas a color) | ||
| 500 | |a Tesis (licenciatura en ingeniería eléctrica)--Universidad de Costa Rica. Facultad de Ingeniería. Escuela de Ingeniería Eléctrica | ||
| 650 | |x LINEAS ELECTRICAS |x DISTRIBUCION DE ENERGIA ELECTRICA - ALTA TENSION |x CAMPOS ELECTROMAGNETICOS |9 8702 | ||
| 942 | |c TFG | ||
| 999 | |c 18498 |d 18498 | ||
